| 000 | 00931nam a2200265 a 4500 | ||
|---|---|---|---|
| 001 | BRL_519 | ||
| 005 | 20190320210800.0 | ||
| 008 | 270813s1992----mx-#######---#000-0#spa-# | ||
| 020 | _a9688422843 | ||
| 041 | _aspa | ||
| 044 | _amx | ||
| 050 | 4 |
_aKKT2680 _b.L46 1992 |
|
| 100 | 1 |
_aLeón Pinedo, Antonio de _924170 |
|
| 245 | 1 | 0 |
_aRecopilación de las Indias _cpor Antonio de León Pinelo ; edición y estudio preliminar de Ismael Sánchez Bella. |
| 260 |
_aMéxico _bMiguel Ángel Porrua _c1992 |
||
| 300 |
_a3 v. _c30 cm. |
||
| 440 | 0 |
_aSerie A: Fuentes _pTextos y estudios legislativos _vno.84 _924171 |
|
| 500 | _av.1. Au556. v.2. Au555. v.3. Au554 | ||
| 650 | 1 | 4 |
_aLeyes _xColonia _zEspaña _924172 |
| 650 | 1 | 4 |
_aIndígenas de Centroamérica _xEstado legal (Derecho) _924173 |
| 650 | 1 | 4 |
_aIndígenas de Sudamérica _xEstado legal (Derecho) _924174 |
| 700 | 1 |
_aSánchez Bella, Ismael _924175 |
|
| 902 | _aGRL | ||
| 942 |
_2lcc _cB |
||
| 999 |
_c9331 _d9331 |
||